Examining prescription drug importation : a review of a proposal to allow third parties to reimport prescription drugs : hearing before the Subcommittee on Health of the Committee on Energy and Commerce, House of Representatives, One Hundred Seventh Congress, second session, July 25, 2002.

Bibliographic Details
Corporate Author: United States. Congress. House. Committee on Energy and Commerce. Subcommittee on Health (Author)
Format: Government Document eBook
Language:English
Published: Washington : U.S. Government Printing Office, 2002.
Subjects:
Online Access:https://purl.fdlp.gov/GPO/gpo89024

MARC

Tag First Indicator Second Indicator Subfields
LEADER 00000cam a2200000 i 4500
001 in00004011521
005 20181023093106.0
006 m o d f
007 cr bn||||a||||
008 130713s2002 dcu ob f000 0 eng c
019 |a 654235417  |a 760158183  |a 1011778107  |a 1022014642 
035 |a (OCoLC)ocn852783757 
040 |a OCLCE  |b eng  |e rda  |e pn  |c OCLCE  |d OCLCO  |d OCLCQ  |d OCLCF  |d OCLCO  |d OCLCQ  |d NJR  |d GPO  |d OCLCQ  |d GPO  |d MvI  |d UtOrBLW 
042 |a pcc 
043 |a n-us--- 
049 |a WWW 
074 |a 1019-C-01 (online) 
086 0 |a Y 4.C 73/8:107-135 
088 |a Serial no. 107-135 (United States. Congress. House. Committee on Energy and Commerce) 
110 1 |a United States.  |b Congress.  |b House.  |b Committee on Energy and Commerce.  |b Subcommittee on Health,  |e author.  |0 http://id.loc.gov/authorities/names/no2001059548 
245 1 0 |a Examining prescription drug importation :  |b a review of a proposal to allow third parties to reimport prescription drugs : hearing before the Subcommittee on Health of the Committee on Energy and Commerce, House of Representatives, One Hundred Seventh Congress, second session, July 25, 2002. 
264 1 |a Washington :  |b U.S. Government Printing Office,  |c 2002. 
300 |a 1 online resource (iii, 112 pages) 
336 |a text  |b txt  |2 rdacontent 
337 |a computer  |b c  |2 rdamedia 
338 |a online resource  |b cr  |2 rdacarrier 
504 |a Includes bibliographical references. 
500 |a "Serial Number 107-135." 
588 |a Description based on online resource, PDF version; title from title page (FDsys, viewed Feb. 9, 2018). 
650 0 |a Pharmaceutical policy  |z United States.  |0 http://id.loc.gov/authorities/subjects/sh2008109173 
650 0 |a Prescription pricing  |z United States.  |0 http://id.loc.gov/authorities/subjects/sh2008109174 
650 0 |a Drugs  |x Law and legislation  |z United States.  |0 http://id.loc.gov/authorities/subjects/sh2008102437 
655 7 |a Legislative hearings.  |2 lcgft  |0 http://id.loc.gov/authorities/genreForms/gf2011026362 
776 0 8 |i Print version:  |a United States. Congress. House. Committee on Energy and Commerce. Subcommittee on Health.  |t Examining prescription drug importation  |w (OCoLC)51932040 
776 0 8 |i Microfiche version:  |a United States. Congress. House. Committee on Energy and Commerce. Subcommittee on Health.  |t Examining prescription drug importation  |w (OCoLC)51932040 
856 4 0 |u https://purl.fdlp.gov/GPO/gpo89024  |t 0 
999 f f |s 492b5d8b-f880-3646-bc22-01bc24cde54c  |i 69e89700-1daa-3a84-bd4b-54ce4948513d  |t 0 
952 f f |a Texas A&M University  |b College Station  |c Electronic Resources  |d Available Online  |t 0  |e Y 4.C 73/8:107-135  |h Superintendent of Documents classification 
998 f f |a Y 4.C 73/8:107-135  |t 0  |l Available Online